countries that start with -MA - Statistics

General Stats
  • This quiz has been taken 25 times
  • The average score is 6 of 9
Answer Stats
Answer % Correct
malta
88%
malaysia
83%
madagascar
79%
maldives
75%
mali
75%
malawi
67%
mauritania
63%
mauritius
63%
marshall islands
54%
No matching quizzes found
Score Distribution
Percent of People with Each Score
Percentile by Number Answered
Your Score History
You have not taken this quiz